000
00291nam a22000977a 4500
999
_c
519499
_d
519499
082
_a
TNC L64 K527
100
_a
Khan, Anwar Tahmasp
_9
30584
245
_a
Cost-benefit analysis
_c
by Anwar Tahmasp Khan
260
_a
Lahore
_b
National Institute of Public Administration
_c
1965
300
_a
205p